Psicología del talento y la creatividad : (Registro nro. 39019)

Detalles MARC
000 -LEADER
fixed length control field 01402nam a2200301 4500
001 - CONTROL NUMBER
control field 0000021865
003 - CONTROL NUMBER IDENTIFIER
control field CO-CtgCURN
005 - DATE AND TIME OF LATEST TRANSACTION
control field 20250429224111.0
007 - PHYSICAL DESCRIPTION FIXED FIELD--GENERAL INFORMATION
fixed length control field ta
008 - FIXED-LENGTH DATA ELEMENTS--GENERAL INFORMATION
fixed length control field 160627s2006 000 0 eng d
020 ## - INTERNATIONAL STANDARD BOOK NUMBER
International Standard Book Number 9589405355
040 ## - CATALOGING SOURCE
Original cataloging agency CO-CtgCURN
Language of cataloging spa
Transcribing agency coctgcurn
082 0# - DEWEY DECIMAL CLASSIFICATION NUMBER
Classification number 370.157
Item number Z93p
100 1# - MAIN ENTRY--PERSONAL NAME
Personal name Zubiria Samper, Miguel de.
245 10 - TITLE STATEMENT
Title Psicología del talento y la creatividad :
Remainder of title como explorar, identificar y desarrollar el talento y la creatividad de todos los niños y jovenes /
Statement of responsibility, etc. Miguel de Zubiria Samper.
260 ## - PUBLICATION, DISTRIBUTION, ETC.
Place of publication, distribution, etc. Bogotá :
Name of publisher, distributor, etc. Fundacion Internacional de Pedagogia Conceptual Alberto Merani,
Date of publication, distribution, etc. 2006.
300 ## - PHYSICAL DESCRIPTION
Extent 191 p.
336 ## - CONTENT TYPE
Source rdacontent
337 ## - MEDIA TYPE
Source rdamedia
Media type term sin mediacion
Media type code n
338 ## - CARRIER TYPE
Source rdacarrier
Carrier type term volumen
Carrier type code nc
490 1# - SERIES STATEMENT
Series statement Psicología y pedagogia conceptual ;
Volume/sequential designation 3
504 ## - BIBLIOGRAPHY, ETC. NOTE
Bibliography, etc. note Bibliografia (p. 189-191)
505 8# - FORMATTED CONTENTS NOTE
Formatted contents note A la busqueda del talento y la creatividad.--La esencia del talento humano.--El talento requiere competencia intrapersonal.--La escuela industrial anula el talento.--Formar democraticamente el talento requiere asumir que todo ser humano cuenta con un mayor potencial de aprehendizaje en al menos un campo.--Generos y naturaleza del talento humano
650 14 - SUBJECT ADDED ENTRY--TOPICAL TERM
Topical term or geographic name entry element Aptitud creadora.
908 ## - PUT COMMAND PARAMETER (RLIN)
Put command parameter 160627
942 ## - ADDED ENTRY ELEMENTS (KOHA)
Koha item type Libros
Classification part 370.157
Item part Z93p
Source of classification or shelving scheme Dewey Decimal Classification
Existencias
Withdrawn status Lost status Source of classification or shelving scheme Damaged status Not for loan Collection Home library Current library Shelving location Date acquired Inventory number Total checkouts Full call number Barcode Date last seen Price effective from Koha item type Public note
    Dewey Decimal Classification     General Miguel Henríquez Castañeda Miguel Henríquez Castañeda General 04/29/2025 013686   370.157 Z93p 013686 04/29/2025 04/29/2025 Libros 370-EDUCAC